| 000 | 02020nam0a2200397 4500 | ||
|---|---|---|---|
| 001 | RU\NLR\bibl\1785428 | ||
| 005 | 20260408201639.0 | ||
| 010 |
_a978-5-7422-2404-4 _9150 |
||
| 035 | _a(NLR Aleph) 001776154 | ||
| 090 |
_a1668483 _c1668483 |
||
| 100 | _a20110705d2009 |||y0rusy50 ca | ||
| 101 | 0 |
_arus _aeng |
|
| 102 | _aRU | ||
| 105 | _aa ||||||||| | ||
| 200 | 1 |
_aЛеонард Шауфельбергер _dLeonhard Schaufelberger _e(10.1.1839 - 19.2.1894) _f[сост.: Е.М. Тарханова, Dr. М. Шютц] _zeng |
|
| 210 |
_aСанкт-Петербург _cИзд-во Политехнического университета _d2009 |
||
| 215 |
_a103 с., XX с. цв. ил. _cил., портр. _d20 |
||
| 225 | 1 |
_aВедущие мастера фарфора Дома Романовых _eматериалы семейных архивов |
|
| 300 | _aНа тит. л.: К 265-летию Императорского завода в Санкт-Петербурге | ||
| 300 | _aТекст парал. на рус., англ. яз. | ||
| 316 |
_aС автогр. сост. _5NLR |
||
| 316 |
_aавтограф _5NLR:2011-3/20967 |
||
| 510 | 1 |
_aLeonhard Schaufelberger _e(10.1.1839 - 19.2.1894) _zeng |
|
| 600 | 1 |
_aШауфельбергер _bЛ. _f1839 - 1894 _gЛеонард _92621657 _3RU\NLR\auth\661558217 |
|
| 601 | 0 | 2 |
_aФарфоровый завод _cСанкт-Петербург, город _3RU\NLR\auth\661474995 _92485212 |
| 686 | _aУ30(28)636.109.2(2-2СПб) | ||
| 686 | _aЩ125.145.3(4Ш)5-8Шауфельбергер | ||
| 702 | 1 |
_4220 _8rus _7ca _aТарханова _bЕ. М. _gЕлена Михайловна _3RU\NLR\AUTH\773544 _9113540 |
|
| 702 | 1 |
_aШютц _bМ. _4220 |
|
| 702 | 1 |
_aШауфельбергер _bЛ. _f1839-1894 _gЛеонард _4570 |
|
| 712 | 0 | 2 |
_4570 _aФарфоровый завод _cПетербург _3RU\NLR\AUTH\8810045440 _9590363 |
| 801 | 0 |
_aRU _bNLR _c20110705 _gRCR |
|
| 801 | 1 |
_aRU _bNLR _c20110705 |
|
| 942 | _cBOOK | ||
| 980 | _aNB | ||